| 000 | 00800nam a2200229 4500 | ||
|---|---|---|---|
| 003 | DO-SdBNP | ||
| 005 | 20220719123802.0 | ||
| 007 | ta | ||
| 008 | 210715b2018 ||||| |||| 00| 0 spa | ||
| 040 |
_aDO-SdBNP _bspa _cBNPHU |
||
| 082 | 4 |
_a324.6 _bP965d _222 |
|
| 245 | 0 | 1 | _aPropuestas desde la oposición para el establecimiento de un sistema electoral realmente democrático |
| 260 |
_aSanto Domingo : _b[s.n], _c2018. |
||
| 300 |
_a22 p. : _c21 cm |
||
| 500 | _aTitulo tomado de la cubierta | ||
| 590 | _aInventariado, 2021 S/A | ||
| 650 | 4 |
_922133 _aSistema electoral _zRepública Dominicana |
|
| 650 | 4 |
_937639 _aElecciones _xLegislación _zRepública Dominicana |
|
| 650 | 4 |
_aSufragio _zRepública Dominicana _977844 |
|
| 910 | _aSaquino/Validado. Control de calidad MFF | ||
| 942 |
_2ddc _cLF2 |
||
| 999 |
_c50112 _d50112 |
||